Guess The Movies/Series By Emoji - Statistics

General Stats
  • This quiz has been taken 95 times
  • The average score is 15 of 75
Answer Stats
Hint Answer % Correct
๐Ÿšข๐ŸงŠ Titanic
98%
๐Ÿฆˆ Jaws
70%
๐Ÿฆ ๐Ÿ‘‘ The Lion King
59%
๐ŸŽˆ๐Ÿ ๐ŸŽˆ UP
54%
๐ŸŽโ˜ ๏ธ Snow White
52%
๐Ÿ‘ป๐Ÿ”ซ Ghostbusters
49%
๐ŸŽˆ๐Ÿคก IT
49%
๐ŸŸโ”๏ธ Finding Nemo
43%
โญ๏ธโš”๏ธ Star Wars
42%
๐Ÿญ๐Ÿฑ Tom and Jerry
42%
๐Ÿงžโ€โ™€๏ธ Aladdin
37%
๐Ÿ˜ƒ๐Ÿ˜ญ๐Ÿ˜Ÿ๐Ÿ˜ก๐Ÿคฎ Inside Out
37%
๐Ÿฆ๐Ÿฆ“๐Ÿฆ› ๐Ÿฆ’ Madagascar
37%
๐Ÿผ๐Ÿคผโ€โ™€๏ธ Kung Fu Panda
36%
๐Ÿงฝ Spongebob
36%
๐Ÿ˜๐Ÿ‘‚ Dumbo
34%
๐Ÿซ ๐ŸŽธ๐ŸŽถ School of Rock
33%
๐ŸŽ๐ŸŽ๐ŸŽ๐ŸŽ๐ŸŽ Cars
31%
๐Ÿƒ The Joker
31%
๐Ÿฆ–๐Ÿฆ Godzilla Vs. Kong
29%
๐Ÿ‘ถ๐Ÿป๐Ÿง‘โ€๐Ÿ’ผ The Boss Baby
29%
๐ŸฆŠ๐Ÿฐ๐Ÿต๐Ÿถ๐Ÿฑ๐Ÿฏ๐Ÿท๐Ÿป๐Ÿจ๐Ÿปโ€โ„๏ธ๐Ÿผ๐Ÿ”๐Ÿธ๐Ÿ Zootopia
28%
๐Ÿ›ถ๐Ÿดโ€โ˜ ๏ธ๐Ÿ™ Pirates of The Caribbean
27%
๐Ÿ‘ข๐Ÿฑ Puss in Boots
25%
๐Ÿค– ๐Ÿ—‘๏ธ WALL-E
25%
๐Ÿป๐Ÿผ๐Ÿปโ€โ„๏ธ We Bare Bears
25%
๐Ÿ™๐ŸŽฎ Squid Game
24%
1๏ธโƒฃ๐Ÿงฉ One Piece
22%
โŒš๏ธ๐Ÿ”Ÿ Ben 10
20%
๐Ÿง‘๐Ÿปโ€๐Ÿฆฒ๐Ÿง ๐Ÿ”ต Megamind
20%
๐Ÿฆ๐ŸฆŠ๐Ÿค– The Wild Robot
20%
๐Ÿฆ‡๐Ÿฆธโ€โ™‚๏ธ๐Ÿค– ๐Ÿ”ฑ๐Ÿ™Ž๐Ÿปโ€โ™€๏ธ Justice League
19%
๐Ÿง€๐Ÿ“ Ratatouille
19%
๐ŸŽ…๐Ÿป๐Ÿงšโ€โ™€๏ธ๐Ÿฐ๐Ÿ˜ด Rise of the Guardians
18%
๐Ÿต๐Ÿง โ†”๏ธ๐Ÿง ๐Ÿ‘ฆ๐Ÿป Planet of the Apes
17%
๐Ÿจ๐Ÿญ๐Ÿท๐Ÿ˜๐Ÿฆ๐Ÿฆ” Sing
17%
๐Ÿ”๐Ÿ‘“๐Ÿ‘ฝ Chicken Little
16%
๐Ÿ‘ฉ๐Ÿปโ˜‚๏ธโ˜๏ธ๐Ÿช Mary Poppins
16%
๐Ÿ‡ฏ๐Ÿ‡ต ๐Ÿ’ฃ Oppenheimer
16%
๐Ÿงฌโฌ…๏ธ๐ŸฆŸ Jurassic Park
13%
๐Ÿ•ฐ๐Ÿ•ฏโ˜• Beauty and the Beast
12%
๐Ÿ’ฐ๐Ÿ’ฐ๐Ÿ’ฐ๐Ÿฆ†๐Ÿ’ฐ๐Ÿ’ฐ๐Ÿ’ฐ DuckTales
12%
๐Ÿคด๐Ÿป๐Ÿ’ Lord of The Rings
10%
๐Ÿง’๐Ÿป๐Ÿงšโ€โ™‚๏ธ๐Ÿงšโ€โ™€๏ธ The Fairly OddParents
10%
๐Ÿ“™๐Ÿ“™๐Ÿ“™ Gravity Falls
8%
๐ŸŒณ๐Ÿ“–๐ŸŒณ Jungle Book
8%
๐Ÿค ๐Ÿ‘จ๐Ÿปโ€๐Ÿš€ Toy Story
8%
๐Ÿ‘ง๐Ÿผ๐Ÿ‘น Beauty and the Beast
7%
๐Ÿ›ซ๐Ÿ›ฃ๐ŸŽ๐ŸŽข๐ŸŒ Final Destination
7%
๐Ÿฅ Naruto
7%
๐Ÿฑ๐Ÿชณ๐Ÿชณ๐Ÿชณ Oggy and the Cockroaches
7%
๐Ÿš›๐Ÿ Transformers
7%
๐ŸŽƒ๐Ÿ‘ป๐Ÿ“™ Goosebumps
6%
๐ŸŒ๐Ÿ  Home
6%
๐ŸŽฎ๐Ÿคด๐Ÿป Game of Thrones
5%
๐Ÿ˜ถ๐Ÿฆ‹ The Silence of the Lambs
5%
๐ŸŸฃ๐Ÿ”ต๐Ÿ”ด๐ŸŸ ๐ŸŸข๐ŸŸก Avengers: Infinity War
4%
๐Ÿ”ง๐Ÿชš๐Ÿช›โš™๏ธ๐Ÿ› โš’๏ธ๐Ÿงฐ Handy Manny
4%
๐Ÿฆ๐Ÿ‘จ๐Ÿปโ€๐Ÿš€๐Ÿ‘ฝ๐Ÿš€ 2001: A Space Odyssey
2%
๐Ÿถ๐Ÿ˜Ÿ Courage the Cowardly Dog
2%
๐ŸŒณ๐Ÿฌ Forrest Gump
2%
๐Ÿฐโฌ†๏ธโ†—๏ธโžก๏ธโ†˜๏ธโฌ‡๏ธโ†™๏ธโฌ…๏ธโ†–๏ธ Howl's Moving Castle
2%
๐Ÿ‘น๐Ÿ’ผ Monsters, Inc.
2%
๐ŸŸฃ๐ŸŸข๐ŸŸก๐Ÿ”ด๐Ÿซ‚ Teletubbies
2%
๐Ÿง”โ€โ™‚๏ธ๐Ÿ‘ฉ๐Ÿ‘ฆ๐Ÿ‘ง The Simpsons
1%
โšก๏ธ๐Ÿ”ฅ๐Ÿ’ง๐ŸŒชโ˜€๏ธ๐Ÿชจ๐Ÿƒ Boboiboy
0%
๐Ÿ•ต๐Ÿช€ Ejen Ali
0%
๐Ÿƒ๐Ÿ˜ก Fast and Furious
0%
๐Ÿง’๐Ÿป๐Ÿ—ฝ Home Alone 2: Lost in New York
0%
๐ŸŽ๐Ÿ‰ Monkart
0%
๐ŸŒˆ๐Ÿ’Ž Rainbow Ruby
0%
๐Ÿš“๐Ÿš’๐Ÿš‘๐Ÿš Robocar Poli
0%
๐Ÿšช๐Ÿช‘ Suzume
0%
๐ŸŒ๐ŸŒˆ The Amazing World of Gumball
0%
๐ŸŸก๐Ÿ”ต Upin Ipin
0%
No matching quizzes found
Score Distribution
Percent of People with Each Score
Percentile by Number Answered
Your Score History
You have not taken this quiz